Places with no/few rats - Statistics

General Stats
  • This quiz has been taken 22 times
  • The average score is 4 of 6
Answer Stats
Hint Answer % Correct
Semi-Autonomous Danish Territory Greenland
89%
The Cold Motherland North Russia
79%
Canadian Province Alberta
74%
Westernmost Country in Europe Iceland
74%
Driest continent on Earth Antarctica
68%
Norwegian Territory Spitzbergen
53%
No matching quizzes found
Score Distribution
Percent of People with Each Score
Percentile by Number Answered
Your Score History
You have not taken this quiz